| 000 | 00000nam##2200000za#4500 |
| 001 | 9.647698 |
| 003 | CaOODSP |
| 005 | 20210615112729 |
| 007 | ta |
| 008 | 150407|1999||||xxc||||| f|0| 0 eng|d |
| 020 | |a0-662-28805-X |
| 040 | |aCaOODSP|beng |
| 043 | |an-cn--- |
| 086 | 1 |aH49-134/1999E |
| 110 | 1 |aCanada.|bHealth Canada. |bHealth Protection Branch. |
| 245 | 10|aCanadian adult and youth opinions on the sizing of health warning messages / |cPrepared by Environics Research Group. |
| 260 | |aOttawa - Ontario : |bHealth Canada. |c1999. |
| 300 | |a50p. ; |c28 cm. |
| 500 | |aContents: General smoking behaviour.--Health-related attitudes and behaviours.--Current health warning messages.--Testing of sizes of health warning messages.--Methodology. |
| 563 | |aProcessed |
| 590 | |a00-15|b2000-04-14 |
| 690 | 07|aSmoking|2gcpds |
| 690 | 07|aBehaviour|2gcpds |
| 690 | 07|aPackaging|2gcpds |
| 775 | 08|tOpinion de la population canadienne sur les message relatifs à la santé / |w(CaOODSP)9.681089 |
| 776 | 0#|tCanadian adult and youth opinions on the sizing of health warning messages / |w(CaOODSP)9.695420 |
| 986 | |aHC-003-155-9925; H4097-9-0017/001/CB |